000
00317 a2200145 4500
001
156192
040
_c
Escola São Tomás de Aquino
100
_a
PENNART, Geoffroy
240
1
0
_a
O lobo voltou!
_l
por
245
1
0
_a
O lobo voltou!
300
_a
35
362
0
_a
2011
697
_a
*LITERATURA INFANTO
942
_c
BK
999
_c
156192
_d
156192